Mechanical Engineering (Record no. 553738)
[ view plain ]
| 000 -LEADER | |
|---|---|
| fixed length control field | 00357nam a22001337a 4500 |
| 082 ## - DEWEY DECIMAL CLASSIFICATION NUMBER | |
| Classification number | CP60 |
| Author Mark | ME-103 |
| 100 ## - MAIN ENTRY--PERSONAL NAME | |
| Personal name | Sitwat Mahood |
| 9 (RLIN) | 51005 |
| 245 ## - TITLE STATEMENT | |
| Title | Mechanical Engineering |
| Statement of responsibility, etc. | Sitwat Mahood |
| 250 ## - EDITION STATEMENT | |
| Edition statement | 2015 |
| 260 ## - PUBLICATION, DISTRIBUTION, ETC. | |
| Place of publication, distribution, etc. | Risalpur |
| Name of publisher, distributor, etc. | MCE |
| Date of publication, distribution, etc. | Spring Semester 2016 |
| 500 ## - GENERAL NOTE | |
| General note | OD-82/CED-83 |
| 526 ## - STUDY PROGRAM INFORMATION NOTE | |
| Program name | 0 |
| Interest level | 0 |
| Reading level | 0 |
| Title point value | CP_000000000000000_60_ME103 |
| 942 ## - ADDED ENTRY ELEMENTS (KOHA) | |
| Source of classification or shelving scheme | |
| Koha item type | Book Bank |
| Withdrawn status | Lost status | Source of classification or shelving scheme | Damaged status | Not for loan | Permanent Location | Current Location | Date acquired | Total Checkouts | Full call number | Barcode | Date last seen | Date last checked out | Price effective from | Koha item type | Public note |
|---|---|---|---|---|---|---|---|---|---|---|---|---|---|---|---|
| Military College of Engineering (MCE) | Military College of Engineering (MCE) | 10/03/2016 | 2 | CP60 ME-103 | MCE-CP60 | 02/08/2019 | 02/08/2019 | 10/03/2016 | Book Bank | Course Pack |
